00790nam a2200181 i 450000100060000000300090000600500170001500700030003200800410003510000390007624501470011526000490026230000210031150000810033271000620041371000990047585200340057481109ES-MaACL20230906174354.0t|041103q1919 sp ||||1| spa d1 aHoyos Sáinz, Luis de,d1868-195110aCongreso de Bilbao b: estado actual del conocimiento antropológico del pueblo español : discurso inaugural / cpor Luis de Hoyos Sáinz. aMadrid : b[s.n., c1919?] (fEduardo Arias) a44 p. ; c25 cm. aPrecede al tít.: Asociación Española para el Progreso de las Ciencias.2 aAsociación Española para el Progreso de las Ciencias.2 aAsociación Española para el Progreso de las Ciencias. bCongreso (n7º. d1919. cBilbao) aES-MaACLj1840-F-15 bR.19963